Disposiciones sobre circulación de carruajes de tracción animal ó mecánica por las carreteras del Estado / Ministerio de Fomento. Dirección General de Obras Públicas, 1916
Descripción Física:
102 p. ; 22 cm
MARC
| LEADER | 00000nam a2200000Ia 4500 | ||
|---|---|---|---|
| 001 | 11947 | ||
| 008 | 160829s1916 xx 000 0 cat d | ||
| 080 | |a C-1-507 | ||
| 245 | |a Disposiciones sobre circulación de carruajes de tracción animal ó mecánica por las carreteras del Estado / Ministerio de Fomento. Dirección General de Obras Públicas, 1916 | ||
| 260 | |a Madrid : |b (Imp. Hispano - Alemana), |c 1916 | ||
| 300 | |a 102 p. ; |c 22 cm | ||
| 650 | 0 | |a Circulació |x Dret i legislació |9 48811 | |
| 650 | 0 | |a Carreteres |x Dret i legislació |9 37465 | |
| 710 | 1 | |a Espanya. |b Dirección General de Obras Públicas |9 55082 | |
| 901 | |a Arxiu | ||
| 942 | |n 1 | ||
| 952 | |0 0 |1 0 |4 0 |6 C1507 |7 1 |9 47883 |a Arxiu |b Arxiu |d 2016-12-01 |l 0 |o C-1-507 |p 11947 |r 2016-12-01 00:00:00 |w 2016-12-01 |y ARXIU | ||
| 999 | |c 51683 |d 51683 | ||